000 nam a22 7a 4500
999 _c129447
_d129447
008 190425b xxu||||| |||| 00| 0 eng d
020 _a0 14 051 020 6
050 _aPG2111.F4
100 _aFennell, J. L. I. (comp.)
_945953
245 _aThe penguin Russian course:
_ba complete course for begginers
_c/ compiled by J. L. I Fennel
260 _aNew York:
_bPenguin books,
_c1961.
300 _axxiii, 347p. ;
_c18cm.
650 _aRussian language
_xgrammar
_945954
942 _2lcc
_cMONOGRAPH